| 000 | 01074nas a2200337 4500 | ||
|---|---|---|---|
| 001 | BR2015004378 | ||
| 003 | BR-BrBNA | ||
| 005 | 20231205125556.0 | ||
| 007 | ta | ||
| 008 | 230509b bl.|||p| |||| 00| 00por d | ||
| 040 |
_aBR-BrBNA _bpor _cBiblioteca Nacional de Agricultura |
||
| 041 | _a(Pt) | ||
| 072 | _aQ02; Q04; Q03 | ||
| 100 | 1 | _aSantos, P.R.G. | |
| 100 | 1 | _aCardoso, L. de M. | |
| 100 | 1 | _aBedetti, S. de F. | |
| 100 | 1 | _aHamacek, F.R. | |
| 100 | 1 | _aMoreira, A.V.B. | |
| 100 | 1 | _aMartino, H.S.D. | |
| 100 | 1 | _aPinheiro-Santana, H.M. | |
| 245 | 1 | _aGeleia de cagaita (Eugenia dysenterica DC.): desenvolvimento, caracterização microbiológica, sensorial, química e estudo da estabilidade | |
| 650 | _aFRUTO | ||
| 650 | _aCAGAITA | ||
| 650 | _aGELEIA | ||
| 650 | _aVALOR NUTRITIVO | ||
| 650 | _aCROMATOGRAFIA | ||
| 650 | _aANÁLISE ORGANOLEPTICA | ||
| 773 | 0 |
_tRevista do Instituto Adolfo Lutz (Brazil) _xISSN 0073-9855 _g(Apr-Jun 2012), v. 71(2) p. 281-290 _wBR2015004378 |
|
| 909 |
_a202311 _bLúcia _c55 _dLúcia Elande |
||
| 942 |
_2AGRIS _n0 _cANA |
||
| 999 |
_c244997 _d244997 |
||